000 01146nam a22002657a 4500
003 OSt
005 20201124105449.0
008 180412s1998 dr a 000 0 spa d
040 _aDO-SdBNP
_bspa
_cBNPHU
082 _axxxx
_bxxxx
100 1 _aLiriano Brito, María Concepción
_974859
245 1 0 _aLengua española 2000 :
_b6to. educación básica /
_cMaría Concepción Liriano Brito, Rosa del Carmen Mena, Celeste Amparo Camilo Amarante ; ilustraciones Jorge Valerio, Stalin Núñez, Julio C. Martínez
260 _aSanto Domingo :
_bSusaeta,
_c1998.
300 _a224 p. :
_bil. ;
_c28 cm.
505 0 _t¡Consenso! --
_tCon lo que digo y hago, reflejo lo que soy --
_tTe voy a retratar --
_t¡Ya tengo la solución! --
_t¿Lo entendiste? --
_tSí, ¡sí es cierto ! --
_t¡Un valioso aporte! --
521 _aNivel básico
590 _aInventariado, 2020/ YL
700 1 2 _aMena, Rosa del Carmen
_977390
700 1 2 _aCamilo Amarante, Celeste Amparo
_977391
700 1 2 _aValerio, Jorge
_eil.
_977392
700 1 2 _aNúñez, Stalin
_eil.
_931177
700 1 2 _aMartínez, Julio C.
_eil.
_977393
910 _aYLockward
942 _2ddc
_cLBS1
999 _c49193
_d49193